LEADER 01306nam 2200349Ia 450 001 9910698835703321 005 20090522145304.0 035 $a(CKB)5470000002397510 035 $a(OCoLC)341591225 035 $a(EXLCZ)995470000002397510 100 $a20090522d2003 ua 0 101 0 $aeng 135 $auran||||||||| 181 $ctxt$2rdacontent 182 $cc$2rdamedia 183 $acr$2rdacarrier 200 00$aGuidance for industry$b[electronic resource] $ean acceptable circular of information for the use of human blood and blood components 210 1$aRockville, MD :$cU.S. Dept. of Health and Human Services, Food and Drug Administration, Center for Biologics Evaluation and Research,$d[2003] 215 $ai, 39 pages $cdigital, PDF file 300 $aTitle from PDF title page (viewed on May 22, 2009). 300 $a"December 2003". 320 $aIncludes bibliographical references (pages 37-39). 517 $aGuidance for industry 606 $aBlood$xTransfusion$xGovernment policy$zUnited States 615 0$aBlood$xTransfusion$xGovernment policy 712 02$aCenter for Biologics Evaluation and Research (U.S.) 801 0$bGPO 801 1$bGPO 906 $aBOOK 912 $a9910698835703321 996 $aGuidance for industry$93434577 997 $aUNINA